Anatomía y fisiología del sistema nervioso /
Guardado en:
| Autor Principal: | |
|---|---|
| Formato: | Libro |
| Publicado: |
Buenos Aires :
Troquel,
1971
|
| Edición: | 15a. ed. |
| Materias: | |
| Etiquetas: |
Agregar Etiqueta
Sin Etiquetas, Sea el primero en etiquetar este registro!
|
| LEADER | 01094nam a22002415a 4500 | ||
|---|---|---|---|
| 001 | CEM.cems005794 | ||
| 005 | 20091214100054.0 | ||
| 008 | 130507s1971##################000#0#####d | ||
| 003 | CEMS | ||
| 082 | 0 | 4 | |a 611.8 |
| 100 | 1 | |a Santos Lara, José Angel Dos | |
| 245 | 1 | 0 | |a Anatomía y fisiología del sistema nervioso / |c José Angel Dos Santos Lara |
| 250 | |a 15a. ed. | ||
| 260 | |a Buenos Aires : |b Troquel, |c 1971 | ||
| 300 | |a 268 p. | ||
| 505 | 0 | |a Introducción al estudio de la neuroanatomía -- Médula espinal -- Bulbo raquídeo -- Istmo del encéfalo -- Cerebelo -- Cerebro -- Sistema nervioso periférico y sistema nervioso autónomo -- Organos de los sentidos -- Sentidos del olfato y del gusto -- Sentidos de la vista y del oído | |
| 653 | |a Anatomía | ||
| 653 | |a Fisiología | ||
| 653 | |a Sistema nervioso | ||
| 859 | |a CEMS |b BIB. CEMS - 11 de abril |h 611.8 |i Sa59 |p 1049.73 |t Ej.1 | ||
| 859 | |a CEMS |b BIB. CEMS - 11 de abril |h 611.8 |i Sa59 |p 1447.74 |t Ej.2 | ||
| 859 | |a CEMS |b BIB. CEMS - 11 de abril |h 611.8 |i Sa59 |p 1448.74 |t Ej.3 | ||
| 859 | |a CEMS |b BIB. CEMS - 11 de abril |h 611.8 |i Sa59 |p 1449.74 |t Ej.4 | ||
